| 000 | 00454nam a2200169 a 4500 | ||
|---|---|---|---|
| 001 | 0810 | ||
| 005 | 20140414131956.0 | ||
| 008 | 040930s19uu xx 00 eng d | ||
| 020 | _a0-15-317692-X | ||
| 050 |
_aTR 372.3 _bHa11 2000 |
||
| 245 |
_aAssessment guide : _bHarcourt Science. |
||
| 250 | _aCalifornia Ed | ||
| 260 |
_aOrlando : _bHarcourt School, _c2000. |
||
| 300 | _aAG77 p. ; cm. | ||
| 650 |
_aScience _xStudy and teaching. |
||
| 999 |
_c112933 _d112933 |
||